Navegantes del tiempo : enfermedad de alzheimer con agregacion familiar (Registro nro. 86866)

Detalles MARC
000 -CABECERA
campo de control de longitud fija 01019nam a2200301 u 4500
001 - NÚMERO DE CONTROL
campo de control 187391
005 - FECHA Y HORA DE LA ÚLTIMA TRANSACCIÓN
campo de control 20260506081251.0
008 - DATOS DE LONGITUD FIJA--INFORMACIÓN GENERAL
campo de control de longitud fija 980529s1998 ||||||m| spa
035 ## - NÚMERO DE CONTROL DEL SISTEMA
Número de control de sistema 187391
040 ## - FUENTE DE LA CATALOGACIÓN
Centro/agencia transcriptor comduadb
041 ## - CÓDIGO DE LENGUA
Código de lengua del texto/banda sonora o título independiente spa
080 ## - NÚMERO DE LA CLASIFICACIÓN DECIMAL UNIVERSAL
Número de la Clasificación Decimal Universal S
080 ## - NÚMERO DE LA CLASIFICACIÓN DECIMAL UNIVERSAL
Número de la Clasificación Decimal Universal R/CD
082 #4 - NÚMERO DE LA CLASIFICACIÓN DECIMAL DEWEY
Número de clasificación 362
100 10 - ENTRADA PRINCIPAL--NOMBRE DE PERSONA
Nombre de persona Hernández González, Marta Cecilia
Código de función aut
Término indicativo de función/relación Autor/a
9 (RLIN) 280230
245 10 - TÍTULO PROPIAMENTE DICHO
Título propiamente dicho Navegantes del tiempo : enfermedad de alzheimer con agregacion familiar
260 ## - PUBLICACIÓN, DISTRIBUCIÓN, ETC.
Lugar de publicación, distribución, etc. Medellín :
Nombre del editor, distribuidor, etc. [sin publicador],
Fecha de publicación, distribución, etc. 1998.
300 ## - DESCRIPCIÓN FÍSICA
Extensión 71 hojas
500 ## - NOTA GENERAL
Nota general Tesis (Especialista en Gerencia del Desarrollo Social). Universidad de Antioquia - Título del grado otorgado
650 ## - PUNTO DE ACCESO ADICIONAL DE MATERIA--TÉRMINO DE MATERIA
Término de materia o nombre geográfico como elemento de entrada Medellín (Antioquia)
9 (RLIN) 36127
650 #7 - PUNTO DE ACCESO ADICIONAL DE MATERIA--TÉRMINO DE MATERIA
Término de materia o nombre geográfico como elemento de entrada Trabajo social familiar
Fuente del encabezamiento o término lemb
9 (RLIN) 39893
650 ## - PUNTO DE ACCESO ADICIONAL DE MATERIA--TÉRMINO DE MATERIA
Término de materia o nombre geográfico como elemento de entrada Antioquia (Colombia)
9 (RLIN) 77506
650 ## - PUNTO DE ACCESO ADICIONAL DE MATERIA--TÉRMINO DE MATERIA
Término de materia o nombre geográfico como elemento de entrada Trabajo social en salud
9 (RLIN) 31503
650 #7 - PUNTO DE ACCESO ADICIONAL DE MATERIA--TÉRMINO DE MATERIA
Término de materia o nombre geográfico como elemento de entrada Enfermedad de Alzheimer
Fuente del encabezamiento o término dcs
9 (RLIN) 13367
651 #7 - PUNTO DE ACCESO ADICIONAL DE MATERIA--NOMBRE GEOGRÁFICO
Nombre geográfico Colombia
Fuente del encabezamiento o término embne
9 (RLIN) 870547
700 10 - ENTRADA AGREGADA--NOMBRE PERSONAL
Nombre de persona Vasquez Elorza, Claudia Marcela
Código de función aut
Término indicativo de función/relación Autor/a
9 (RLIN) 280354
942 ## - ELEMENTOS DE ENTRADA AGREGADA (KOHA)
Tipo de ítem Koha Tesis
Existencias
Estado de retiro Estado de pérdida Estado dañado No para préstamo Código de colección Localización permanente Ubicación/localización actual Fecha de adquisición Número de inventario Total de préstamos Signatura topográfica completa Código de barras Fecha visto por última vez Número de copia Precio válido a partir de Tipo de ítem Koha Fuente de adquisición
        Colección Antioquia 4to piso Biblioteca Carlos Gaviria Díaz, Campus Medellín Biblioteca Carlos Gaviria Díaz, Campus Medellín 29/05/1998 C259501   362.82 H557n 61000002685788 22/04/2023 1 22/04/2023 Tesis - Reserva  
        Colección General CRAI María Teresa Uribe (FCSH, Bl. 9-305) CRAI María Teresa Uribe (FCSH, Bl. 9-305) 10/07/2007 C955826   S-02827 0620883 22/04/2023 2 22/04/2023 Tesis  
        Colección Digital (Discos Ópticos, DVD) CRAI María Teresa Uribe (FCSH, Bl. 9-305) CRAI María Teresa Uribe (FCSH, Bl. 9-305) 08/10/2018 C1297253   R/CD-05034   22/04/2023 3 22/04/2023 Tesis Material adquirido por donación